Introduction to Agricultural Mechanisation/ (Record no. 1069)

MARC details
000 -LEADER
fixed length control field 00549nam a22001817a 4500
003 - CONTROL NUMBER IDENTIFIER
control field OSt
005 - DATE AND TIME OF LATEST TRANSACTION
control field 20240327065556.0
008 - FIXED-LENGTH DATA ELEMENTS--GENERAL INFORMATION
fixed length control field 240327b |||||||| |||| 00| 0 eng d
020 ## - INTERNATIONAL STANDARD BOOK NUMBER
International Standard Book Number 9780333391488
040 ## - CATALOGING SOURCE
Original cataloging agency KMU
Language of cataloging eng
Transcribing agency KMU
Modifying agency KMU
Description conventions RDA
100 ## - MAIN ENTRY--PERSONAL NAME
Personal name Kaul R.N and C.O.Egbo
245 ## - TITLE STATEMENT
Title Introduction to Agricultural Mechanisation/
Statement of responsibility, etc. Kaul R.N and Egbo C.O.
260 ## - PUBLICATION, DISTRIBUTION, ETC.
Place of publication, distribution, etc. London:
Name of publisher, distributor, etc. Macmillan,
Date of publication, distribution, etc. 1985.
300 ## - PHYSICAL DESCRIPTION
Extent ix, 194p.:
Other physical details ill (photographs);
Dimensions 25cm.
500 ## - GENERAL NOTE
General note Includes appendices and an index.
700 ## - ADDED ENTRY--PERSONAL NAME
Personal name Onazi Ochapa C.
942 ## - ADDED ENTRY ELEMENTS (KOHA)
Source of classification or shelving scheme Library of Congress Classification
Koha item type Non-Fiction
Suppress in OPAC No
Holdings
Withdrawn status Lost status Source of classification or shelving scheme Damaged status Not for loan Collection Home library Current library Shelving location Date acquired Source of acquisition Total Checkouts Full call number Barcode Date last seen Price effective from Koha item type
    Library of Congress Classification     Non-fiction Kapasa Makasa University Kapasa Makasa University Open Access 27.03.2024 Book Aid International   S 675 Int 734964 27.03.2024 27.03.2024 Non-Fiction